Statistiques concernant Quiz sur le Covid-19

Cliquez ici pour prendre le quiz!

Statistiques générales

  • Ce quiz a été pris 120 fois
  • Le résultat moyen est 39 sur 45

Statistiques - réponses

QuestionTuileSelect% Correct
Quel pays est à l'origine du Covid-19 ?ChineOui
98%
Quel pays est le plus touché par le Covid-19 ?TurquieNon
98%
Quel pays est à l'origine du Covid-19 ?AustralieNon
97%
Quel pays est à l'origine du Covid-19 ?Corée du nordNon
97%
Quel pays est à l'origine du Covid-19 ?Corée du sudNon
97%
Quel pays est à l'origine du Covid-19 ?États-UnisNon
97%
Quel pays est à l'origine du Covid-19 ?IndeNon
97%
Quel pays est à l'origine du Covid-19 ?JaponNon
97%
Quel pays est à l'origine du Covid-19 ?RussieNon
97%
Quel pays est à l'origine du Covid-19 ?MongolieNon
96%
Dans quel ville est apparu le Covid-19 ?New YorkNon
96%
Dans quel ville est apparu le Covid-19 ?ParisNon
96%
Dans quel ville est apparu le Covid-19 ?QingdaoNon
96%
Quel pays est le plus touché par le Covid-19 ?Royaume-UniNon
96%
Quel pays est le plus touché par le Covid-19 ?RussieNon
96%
Dans quel ville est apparu le Covid-19 ?ChongqingNon
95%
Quel pays est le plus touché par le Covid-19 ?FranceNon
95%
Quel pays est le plus touché par le Covid-19 ?JaponNon
95%
Dans quel ville est apparu le Covid-19 ?OsakaNon
95%
Quel pays a eu le plus de morts liée au Covid-19 ?EspagneNon
94%
Quel pays a eu le plus de morts liée au Covid-19 ?JaponNon
94%
Dans quel ville est apparu le Covid-19 ?TokyoNon
94%
Quel pays a eu le plus de morts liée au Covid-19 ?MexiqueNon
93%
Dans quel ville est apparu le Covid-19 ?PékinNon
93%
Dans quel ville est apparu le Covid-19 ?ShanghaiNon
93%
Quel est la date d'apparition du Covid-19 ?14 novembre 2019Non
92%
Quel pays a eu le plus de morts liée au Covid-19 ?RussieNon
92%
Quel est la date d'apparition du Covid-19 ?11 novembre 2019Non
90%
Quel est la date d'apparition du Covid-19 ?2 novembre 2019Non
89%
Quel pays est le plus touché par le Covid-19 ?BrésilNon
89%
Quel est la date d'apparition du Covid-19 ?7 novembre 2019Non
88%
Quel pays a eu le plus de morts liée au Covid-19 ?FranceNon
88%
Quel pays est le plus touché par le Covid-19 ?IndeNon
88%
Quel est la date d'apparition du Covid-19 ?30 novembre 2019Non
86%
Quel pays a eu le plus de morts liée au Covid-19 ?ItalieNon
85%
Dans quel ville est apparu le Covid-19 ?WuhanOui
85%
Quel est la date d'apparition du Covid-19 ?23 novembre 2019Non
84%
Quel est la date d'apparition du Covid-19 ?26 novembre 2019Non
80%
Quel pays a eu le plus de morts liée au Covid-19 ?IndeNon
79%
Quel pays a eu le plus de morts liée au Covid-19 ?ChineNon
73%
Quel est la date d'apparition du Covid-19 ?18 novembre 2019Non
72%
Quel pays est le plus touché par le Covid-19 ?ChineNon
61%
Quel pays a eu le plus de morts liée au Covid-19 ?États-UnisOui
54%
Quel pays est le plus touché par le Covid-19 ?États-UnisOui
51%
Quel est la date d'apparition du Covid-19 ?16 novembre 2019Oui
15%

Distribution des résultats

Percentile par nombre de réponses

% des personnes avec chaque résultat

Votre développement - résultats

Vous n’avez pas pris ce quiz